Statistics for Top 10 Most Populous African Countries

Click here to take the quiz!

General Stats

  • This quiz has been taken 121,362 times
  • The average score is 9 of 10

Answer Stats

PopulationCountry% Correct
221 milNigeria
98%
60.1 milSouth Africa
98%
112 milEgypt
97%
100 milD.R. Congo
92%
125 milEthiopia
89%
45.2 milAlgeria
87%
54.5 milKenya
85%
47.4 milSudan
84%
66.3 milTanzania
76%
47.8 milUganda
60%

Score Distribution

Percentile by Number Answered

Percent of People with Each Score

Your Score History

You have not taken this quiz